| 000 | 00000nam##2200000za#4500 |
| 001 | 9.644190 |
| 003 | CaOODSP |
| 005 | 20231102100626 |
| 007 | cr ||||||||||| |
| 008 | 150407|2015||||xxc|||||o f|0| 0 fre|d |
| 040 | |aCaOODSP|bfre |
| 043 | |an-cn--- |
| 086 | 1 |aD74-19/2015F-PDF |
| 110 | 2 |aBureau de l'ombudsman de la Défense nationale et des Forces canadiennes. |
| 245 | 10|aLes Forces armées canadiennes sont les mieux placées pour déterminer l'accès prioritaire des militaires libérés à des postes dans la fonction publique |h[ressource électronique] |
| 246 | 1 |aAnalyse de l'Ombudsman du ministère de la Défense nationale et des Forces canadiennes, en consultation avec l'Ombudsman des vétérans |
| 260 | |aOttawa - Ontario : |bBureau de l'ombudsman de la Défense nationale et des Forces canadiennes |cJanvier 2015. |
| 300 | |a23p. |
| 500 | |a«La transition des membres des Forces armées canadiennes malades ou blessés de la vie militaire à la vie civile». |
| 590 | |a15-06|b2015-02-06 |
| 691 | 07|aAccident de travail|2gcpds |
| 691 | 07|aPersonnel militaire|2gcpds |
| 775 | 08|tCanadian Armed Forces best positioned to determine Public Service priority hiring for releasing members |w(CaOODSP)9.700294 |
| 856 | 40|ahttp://publications.gc.ca|qPDF|s681 Ko|uhttps://publications.gc.ca/collections/collection_2015/mdn-dnd/D74-19-2015-fra.pdf |